000 00293nam a2200121Ia 4500
005 20251222140052.0
008 251222s1900||||xx |||||||||||||| ||spa||
082 _a142.3/V28/Ej.2
100 _aVanni Rovighi, Sofía
245 0 _aIntroducción al Estudio de Kant
264 _bFax
942 _cLIB
999 _c3628
_d3628